| 000 | 00573nam a2200217 a 4500 | ||
|---|---|---|---|
| 999 |
_c5556 _d5556 |
||
| 001 | 5556 | ||
| 003 | BD-JhCC | ||
| 005 | 20171218103359.0 | ||
| 008 | 171218s1961 n |||| || | 000 0 eng d | ||
| 035 | _a(BD-JhCC)5556 | ||
| 040 |
_aBD-JhCC _dBD-JhCC |
||
| 041 | _aeng | ||
| 082 |
_a810.822 _bCYR 1961 |
||
| 100 | _aCyril, Brother Antony | ||
| 245 |
_aModern American Prose / _cBrother Antony Cyril, |
||
| 260 |
_aNew York : _bThe Macmillan Company, _c1961. |
||
| 300 |
_a347 p. : _c22 cm. |
||
| 650 | _aAmerican Prose Literature | ||
| 942 |
_2ddc _cBK |
||